All Empires of Italy by Picture - Statistics

General Stats
  • This quiz has been taken 41 times
  • The average score is 11 of 18
Answer Stats
Picture Hint Answer % Correct
1946 – present Republic of Italy
100%
962 – 1806 Holy Roman Empire
97%
27 BCE – 476 CE Roman Empire
97%
1714 – 1866 Austrian Empire
80%
553 – 751 Byzantine Empire
80%
1861 – 1946 Kingdom of Italy
80%
1130 – 1194 Kingdom of Sicily
77%
509 BCE – 27 BCE Roman Republic
77%
774 – 888 Frankish Empire
74%
1796 – 1814 Napoleonic Empire
71%
800 BCE – 264 BCE Etruscan Civilization
63%
1442 – 1714 Aragonese Empire
60%
753 BCE – 509 BCE Roman Kingdom
51%
493 – 553 CE Ostrogothic Kingdom
49%
1266 – 1442 Angevin Empire
40%
568 – 774 Lombard Kingdom
40%
1194 – 1266 Hohenstaufen Empire
6%
827 – 1091 Emirate of Sicily
3%
No matching quizzes found
Score Distribution
Percent of People with Each Score
Percentile by Number Answered
Your Score History
You have not taken this quiz